000 00426nam a22001457a 4500
999 _c504267
_d504267
005 20180809125924.0
008 180809b ||||| |||| 00| 0 eng d
040 _c
082 _aW1x54 C/ES
100 _aIndia. Ministry of Railways
_9219
245 _aIndian Railway establishment code
_bby Ministry of Railways
260 _aDelhi
_bManager of Publications
500 _aLibrary has 1951 (v.1,2), 1958
942 _2ddc
_cGG